000 00953nam a22002777a 4500
001 9464
003 FISKH
005 20260113152634.0
008 260113b cb ||||| |||| 00| 0 eng d
020 _a9780786846481
040 _aFISKH
_beng
_cFISKH
_dFISKH
050 _aPZ7.O8545 W
082 _a813.6
100 _aOstrow, Kim
_eAuthor
245 _aWhen moms attack! /
_cAdapted by Kim Ostrow
260 _aNew York :
_bDisney Press ,
_c2002
300 _a116 pages :
_billustrations ;
_c20 cm
490 _aLizzie McGuire
_v1
505 _aP
520 _aLizzie McGuire is psyched for her class camping trip until she finds out that the new chaperone is her Mom! Lizzie must struggle with her embarrassment while helping her Mom make the camping trip a success.
521 8 _a650
_bLexile estimate
521 8 _aP
_bRaz-Plus
650 _aGrowing up and facts of life
_vYoung adult life
942 _2ddc
_cBK
_n0
999 _c9464
_d9464